Statistics for Most Successful Countries at the Olympics A-Z

Click here to take the quiz!

General Stats

  • This quiz has been taken 77 times
  • The average score is 25 of 32

Answer Stats

Answer % Correct
United States
97%
Norway
97%
Russia
93%
Japan
93%
Australia
91%
Denmark
90%
France
90%
Germany
89%
Canada
89%
Hungary
87%
Italy
87%
Finland
87%
Austria
87%
Poland
86%
Qatar
84%
Zimbabwe
84%
China
83%
Mexico
80%
Yugoslavia
79%
Venezuela
79%
Netherlands
74%
Kenya
74%
Soviet Union
73%
Latvia
69%
Lithuania
67%
Turkey
67%
Kazakhstan
66%
West Germany
57%
East Germany
56%
Belarus
54%
Bulgaria
49%
Liechtenstein
46%

Score Distribution

Percentile by Number Answered

Percent of People with Each Score

Your Score History

You have not taken this quiz